Rangers Current Squad - Statistics

General Stats
  • This quiz has been taken 519 times
    369 since last reset
  • The average score is 16 of 32
Answer Stats
# Player % Correct
1 Jack Butland
93%
2 James Tavernier
90%
6 Connor Goldson
81%
3 Rıdvan Yılmaz
73%
8 Ryan Jack
70%
13 Todd Cantwell
66%
16 John Souttar
63%
4 John Lundstram
59%
7 Ianis Hagi
56%
43 Nicolas Raskin
56%
31 Borna Barišić
54%
Manager Michael Beale
50%
23 Scott Wright
50%
26 Ben Davies
49%
32 Kieran Wright
48%
10 Steven Davis
48%
38 Leon King
47%
9 Antonio Čolak
45%
19 Abdallah Sima
43%
17 Rabbi Matondo
43%
11 Tom Lawrence
43%
14 Sam Lammers
42%
25 Kemar Roofe
41%
51 Alex Lowry
40%
30 Fashion Sakala
39%
18 Glen Kamara
38%
33 Jon McLaughlin
37%
44 Adam Devine
36%
28 Robby McCrorie
35%
24 Nnamdi Ofoborh
9%
34 Lewis Mayo
6%
41 Ben Williamson
4%
No matching quizzes found
Score Distribution
Percent of People with Each Score
Percentile by Number Answered
Your Score History
You have not taken this quiz since the last reset